000 00987nam a2200289 a 4500
001 000017055
003 DO-SdBNP
005 20250607073643.0
007 ta
008 100316s1994 dr ac r 000 0 spa d
040 _aDO-SdBNP
_bspa
_cBNPHU
041 1 7 _aspa
_heng
082 4 _a613.0432
_bF673p
110 1 _aFondo de las Naciones Unidas para la Infancia
_99270
240 1 0 _aFacts for life
245 1 0 _aPara la vida, versión dominicana :
_bun reto de comunicación.
260 _aSanto Domingo :
_bGente,
_c1994.
300 _a102 p. :
_bil., retrs ;
_c24 cm.
590 _aInventariado, 2018/BT
650 4 _aSalud infantil
_937630
650 4 _aNiños
_xCuidado e higiene
_91754
650 4 _aMedicina preventiva
_920041
710 2 _aOrganización Panamericana de la Salud (OPS)
_937631
710 1 _aRepública Dominicana.
_b Secretaria de Estado de Salud Pública y Asistencia Social (2001)
_956549
910 _aValidado. Control de calidad. EMS
942 _2ddc
_cLBS1
999 _c16581
_d16581